Export credit and financing in India / (Record no. 125624)

MARC details
000 -LEADER
fixed length control field 00725nam a22002297a 4500
005 - DATE AND TIME OF LATEST TRANSACTION
control field 20170124105957.0
010 ## - LIBRARY OF CONGRESS CONTROL NUMBER
LC control number 697432
020 ## - INTERNATIONAL STANDARD BOOK NUMBER
Terms of availability 22.50
035 ## - SYSTEM CONTROL NUMBER
System control number 697432
037 ## - SOURCE OF ACQUISITION
Source of stock number/acquisition Cen Lib/Ret
040 ## - CATALOGING SOURCE
Original cataloging agency DPL
Language of cataloging EN
082 ## - DEWEY DECIMAL CLASSIFICATION NUMBER
Classification number 382.6
Item number AGR
100 ## - MAIN ENTRY--PERSONAL NAME
Personal name Agrawal, C.P.
9 (RLIN) 14971
245 ## - TITLE STATEMENT
Title Export credit and financing in India /
Statement of responsibility, etc by C. P. Agrawal [and] Shakuntala Agrawal
260 ## - PUBLICATION, DISTRIBUTION, ETC. (IMPRINT)
Place of publication, distribution, etc Chandausi
Name of publisher, distributor, etc Indian Exports Institute
Date of publication, distribution, etc 1972
270 ## - ADDRESS
City Uttar Pradesh
300 ## - PHYSICAL DESCRIPTION
Extent 143p. :
Dimensions 20cm(Hb)
650 ## - SUBJECT ADDED ENTRY--TOPICAL TERM
Topical term or geographic name as entry element Exchange control on all exports in India.
9 (RLIN) 14972
650 ## - SUBJECT ADDED ENTRY--TOPICAL TERM
Topical term or geographic name as entry element Financing and refinancing of exports in India.
9 (RLIN) 14973
700 ## - ADDED ENTRY--PERSONAL NAME
Personal name Agrawal, Shakuntala
9 (RLIN) 14974
942 ## - ADDED ENTRY ELEMENTS (KOHA)
Source of classification or shelving scheme Dewey Decimal Classification
Koha item type English Books
Classification part 382.6
Call number suffix AGR
Holdings
Withdrawn status Lost status Damaged status Not for loan Home library Current library Date acquired Source of acquisition Cost, normal purchase price Total Checkouts Full call number Barcode Date last seen Copy number Cost, replacement price Price effective from Koha item type
        Central Library Central Library 22/06/2015 Cen Lib/Ret 22.50   382.6 AGR 697432 22/06/2015 1 22.50 22/06/2015 English Books

© Delhi Public Library
Hit Counter
free hit counter